00269nam a2200109Ia 4500008004100000100001700041245004000058260002300098260000900121546001200130999001700142170619s9999 xx 000 0 und d aRajaraman V. 0aComputer Oriented Numerical Methods bPEARSON EDU. DELHI c1993 aENGLISH c23003d23003